000 00316nam a22001457a 4500
008 230616b ||||| |||| 00| 0 eng d
020 _a9781133365655
041 _aeng
080 _29
_a51
082 _a51LOC
100 _a23
101 _aMATEM
245 _aINTERMEDIATE ALGEBRA
_cLOCKWOOD&A
942 _2udc
_cBK
999 _c60003
_d60003